000 01591nam a2200217Ia 4500
999 _c7955
_d7955
005 20230427103400.0
008 230425s9999 xx 000 0 und d
020 _a84-362-3426-x
040 _aUPAN
_cBiblioteca San Vicente
_eRCAA2
041 _aspa
082 _a340.9
_bP474d
100 _aPérez Vera, Elisa
_4comp.
245 0 _aDerecho internacional Privado. (I)/
_cElisa Pérez Vera, Paloma Abarca Junco, A. L. Calvo Caravaca, J. D. González Campos, M. Virgos Soriano
250 _a6° ed.
260 _aEspaña:
_bUNED,
_c1997
300 _a413 p.;
_c28 cm.
505 _aParte General I. El derecho internacional privado II. El sistema español de derecho internacional privado III. La regulación jurídica del trafico externo IV. El proceso de aplicación de las normas de derecho internacional privado V. Problemas de aplicación de las normas de derecho internacional privado (I) VI. Problemas de aplicación de las normas de derecho internacional privado (II) Parte especial: derecho de la nacionalidad VII. Derecho de la nacionalidad (I) VIII: Derecho de la nacionalidad (II) La vecindad civil Derecho de extranjería IX: Derecho de extranjería Derecho procesal civil internacional: introducción general X. Competencia judicial internacional de los tribunales españoles XI. Regimen del proceso civil con elementos extranjeros y asistencia judicial internacional XII. Reconocimiento y ejecución de decisiones judiciales extranjeras
650 _2LEMB
_xDerecho internacional privado
700 _a Abarca Junco, Paloma
_4aut.
942 _cBK
_2ddc